Vazby mezi plánovaným způsobem financování podniku a jeho výnosovou hodnotou

Dokončenie z č. 3/99. Problém kapitálovej štruktúry závisí na prístupe k financovaniu podniku, ktorý sa premieta do finančného plánu. Rozlišujeme dva základné prípady: 1. oceňovateľ vychádza z predpokladu stabilnej kapitálovej štruktúry v priebehu celého plánovacieho obdobia, 2. finančná politika je...

Descrizione completa

Salvato in:
Dettagli Bibliografici
Autore principale: Mařík, Miloš
Natura: Capitolo di libro
Lingua:ceco
Soggetti:
Tags: Aggiungi Tag
Nessun Tag, puoi essere il primo ad aggiungerne!!

MARC

LEADER 00000naa a2200000 4500
001 r035097
005 20230913084428.1
041 0 |a cze 
044 |a CZ 
245 1 0 |a Vazby mezi plánovaným způsobem financování podniku a jeho výnosovou hodnotou  |c Miloš Mařík 
520 |a Dokončenie z č. 3/99. Problém kapitálovej štruktúry závisí na prístupe k financovaniu podniku, ktorý sa premieta do finančného plánu. Rozlišujeme dva základné prípady: 1. oceňovateľ vychádza z predpokladu stabilnej kapitálovej štruktúry v priebehu celého plánovacieho obdobia, 2. finančná politika je pre oceňovateľa predom daná a postup ocenenia sa tomuto musí prispôsobiť. 
610 2 0 |a hodnota podniku 
610 2 0 |a výnosy podnikové 
610 2 0 |a plánovanie finančné 
610 2 0 |a kapitál 
610 2 0 |a politika finančná 
610 2 0 |a oceňovanie 
100 1 |a Mařík, Miloš